Komparácia retailového bankovníctva na Slovensku a v Českej republike bakalárska práca

Salvato in:
Dettagli Bibliografici
Autore principale: Šišková, Kristína
Ente Autore: Národohospodárska fakulta EU. Katedra bankovníctva a medzinárodných financií
Altri autori: Artimová, Miroslava
Natura: Libro
Lingua:slovacco
Pubblicazione: Bratislava 2015
Tags: Aggiungi Tag
Nessun Tag, puoi essere il primo ad aggiungerne!!

MARC

LEADER 00000nbm a2200000 4500
001 0204949
005 20161212094832.9
041 0 |a slo 
044 |a SK 
245 1 0 |a Komparácia retailového bankovníctva na Slovensku a v Českej republike  |b bakalárska práca  |c Kristína Šišková ; školiteľ: Miroslava Artimová 
264 1 |a Bratislava  |c 2015 
300 |a 37 s. 
100 1 |a Šišková, Kristína 
700 1 |a Artimová, Miroslava 
710 2 |a Národohospodárska fakulta EU. Katedra bankovníctva a medzinárodných financií